Crime biters! (Record no. 119)

MARC details
000 -LEADER
fixed length control field 01524nam a22002297a 4500
001 - CONTROL NUMBER
control field 119
003 - CONTROL NUMBER IDENTIFIER
control field FISKH
005 - DATE AND TIME OF LATEST TRANSACTION
control field 20230228092718.0
008 - FIXED-LENGTH DATA ELEMENTS--GENERAL INFORMATION
fixed length control field 230228b cb ||||| |||| 00| 0 eng d
040 ## - CATALOGING SOURCE
Transcribing agency FISKH
050 ## - LIBRARY OF CONGRESS CALL NUMBER
Classification number PZ7.G8523
082 ## - DEWEY DECIMAL CLASSIFICATION NUMBER
Classification number 813.6
100 ## - MAIN ENTRY--PERSONAL NAME
Personal name Greenwald, Tommy
245 ## - TITLE STATEMENT
Title Crime biters!
Remainder of title It's a doggy dog world
Statement of responsibility, etc. Tommy Greenwald
260 ## - PUBLICATION, DISTRIBUTION, ETC.
Place of publication, distribution, etc. New York
Name of publisher, distributor, etc. Scholastic
Date of publication, distribution, etc. 2016
300 ## - PHYSICAL DESCRIPTION
Extent 229 p.
Dimensions 20 cm.
505 ## - FORMATTED CONTENTS NOTE
Formatted contents note K
520 ## - SUMMARY, ETC.
Summary, etc. Jimmy is sure that his dog Abby is special. After all, it was Abby who (with the help of Jimmy & friends) helped nab the criminal Barnaby Bratford and shut down Barnaby's babysitting service, a front for robbing the nice folks of Quietville. Jimmy's parents, on the other hand, are starting to feel like Abby is one destructive little dog (she chewed up Mom's entire shoe collection ) and they insist on enrolling Abby in obedience training. The only problem is that the longer Abby's in class, the more normal (read: boring) she becomes. Jimmy's superhero crime-fighting vampire dog is slowly becoming just like every other dog. She doesn't even sneak out at night anymore At the same time Jimmy's friends (the Crimebiters) are realizing that there's just not very much crime to fight in their tiny town. But when Jimmy joins the lacrosse team & mysterious things start happening on and off the field, the Crimebiters realize that Abby better get back to her crime-fighting ways...and fast
521 8# - TARGET AUDIENCE NOTE
Target audience note 600
Source Lexile
521 8# - TARGET AUDIENCE NOTE
Target audience note K
Source Raz-Plus
942 ## - ADDED ENTRY ELEMENTS (KOHA)
Source of classification or shelving scheme Dewey Decimal Classification
Koha item type Books
Suppress in OPAC No
Holdings
Withdrawn status Lost status Source of classification or shelving scheme Damaged status Not for loan Collection Home library Current library Shelving location Date acquired Total Checkouts Full call number Barcode Date last seen Price effective from Koha item type
    Dewey Decimal Classification     Juvenile Fiction Footprints International School Library Network Toul Kork Campus Footprints International School Library Network Toul Kork Campus TK Primary Library Room(4th Floor), Bookcase 3&4, Shelves 17-32, Yellow Books 02/28/2023   GRE 813.6 PZ7.G8523 FISTK05449 02/28/2023 02/28/2023 Books